Szczegóły MARC21

Czytanie bilansu przedsiębiorstwa : (dla menedżerów) /

005 -DATA I CZAS OSTATNIEJ MODYFIKACJI [,]
    • @
    • pole kontrolne
    • 20100928215324.0
040 -Instytucja sporządzająca opis [ , ]
    • a
    • Instytucja, która sporządziła opis (NP)
    • SZCZ U/OG
    • c
    • Instytucja, która sporządziła rekord (NP)
    • SZCZ U/OG
041 -Język dokumentu [0, ]
    • a
    • Język tekstu (P)
    • polski
044 -Kraj miejsca wydania [ , ]
    • a
    • Kraj miejsca wydania
    • Polska
942 -Rodzaj dokumentu [ , ]
    • c
    • Rodzaj dokumentu
    • Książka
100 -Hasło główne - nazwa osobowa [1, ]
    • 9
    • KHW
    • 17765
    • a
    • Nazwa osobowa (NP)
    • Bień, Witold
    • d
    • Daty biograficzne (NP)
    • (1927- ).
245 -Strefa tytułu i oznaczenia odpowiedzialności [1,0]
    • a
    • Tytuł
    • Czytanie bilansu przedsiębiorstwa : Find
    • b
    • Ciąg dalszy tytułu (NP)
    • (dla menedżerów) / Find
    • c
    • Pozostałe elementy strefy tytułu i oznaczenia odpowiedzialności (NP)
    • Witold Bień.
260 -Strefa adresu wydawniczego [ , ]
    • a
    • Miejsce wydania (P)
    • Warszawa :
    • b
    • Nazwa wydawcy (P)
    • Stowarzyszenie Księgowych w Polsce. Oddział Wojewódzki :
    • b
    • Nazwa wydawcy (P)
    • Finans-Serwis,
    • c
    • Data wydania (P)
    • 1996.
300 -Strefa opisu fizycznego [ , ]
    • a
    • Określenie formy książki i/lub objętość (NP)
    • 112 s., [2] k. tabl. złoż. ;
    • c
    • Format (NP)
    • 20 cm.
080 -Uniwersalna Klasyfikacja Dziesiętna [ , ]
    • 2
    • Identyfikator wydania tablic
    • UDC-P058
    • 9
    • UKD
    • 5620
    • a
    • Symbol klasyfikacji
    • 658.14/.17
    • b
    • Dopowiedzenie
    • Zagadnienia finansowe przedsiębiorstwa. Rozrachunek gospodarczy. Fundusz zakładowy.
080 -Uniwersalna Klasyfikacja Dziesiętna [ , ]
    • 2
    • Identyfikator wydania tablic
    • UDC-P058
    • 9
    • UKD
    • 5585
    • a
    • Symbol klasyfikacji
    • 657.3
    • b
    • Dopowiedzenie
    • Budżety. Preliminarze. Bilanse. Księgi rachunkowe.
980 -Symbol UKD [ , ]
    • a
    • UKD
    • 658.14/.17:657.3
Numer inwentarzowy Status udost. Data inwentaryzacji Lokalizacja Uwagi nie widoczne w OPAC
S.72460-3 BEretrokonwersja
S.7245922010-09-28BEretrokonwersja
S.730602 BEretrokonwersja
S.730612 BEretrokonwersja
S.730622 BEretrokonwersja
S.730632 BEretrokonwersja
S.730642 BEretrokonwersja
S.730652 BEretrokonwersja
S.730662 BEretrokonwersja
S.730672 BEretrokonwersja
S.730682 BEretrokonwersja
S.730692 BEretrokonwersja
S.730712 BEretrokonwersja
S.730722 BEretrokonwersja
S.730742 BEretrokonwersja
TS.73073-3 Tretrokonwersja
TS.73070-3 Tretrokonwersja